| 000 | 01587aam a2200361 a 4500 | ||
|---|---|---|---|
| 001 | 014821333 | ||
| 003 | Uk | ||
| 005 | 20090806221943.0 | ||
| 008 | 081024s2010 paua 001 0 eng | ||
| 020 | _a0443069522 | ||
| 020 | _a9780443069529 | ||
| 040 |
_aStDuBDS _beng _cStDuBDS _dUk |
||
| 082 | 0 | 0 |
_a612 _222 _bDRA |
| 100 | 1 |
_aDrake, Richard L. _q(Richard Lee), _d1950- _930143 |
|
| 245 | 1 | 0 |
_aGray's Anatomy for Students / _cRichard L. Drake, A. Wayne Vogl, Adam W.M. Mitchell ; illustrations by Richard M. Tibbitts and Paul Richardson ; photographs by Ansell Horn. |
| 246 | 3 | 0 | _aAnatomy for students |
| 250 | _a2nd ed. | ||
| 260 |
_aPhiladelphia : _bChurchill Livingstone/Elsevier, _cc2010. |
||
| 300 |
_axxv, 1103 p. : _bill. (chiefly col.) ; _c28 cm. |
||
| 500 | _aIncludes index. | ||
| 505 | 0 | _aThe body -- Back -- Thorax -- Abdomen -- Pelvis and perineum -- Lower limb -- Upper limb -- Head and neck. | |
| 541 | _aDonation from Baccah | ||
| 650 | 0 |
_aHuman anatomy. _930144 |
|
| 650 | 1 | 2 |
_aAnatomy. _930145 |
| 653 |
_bDent _cJune2012 |
||
| 700 | 1 |
_aVogl, Wayne. _930146 |
|
| 700 | 1 |
_aMitchell, Adam W. M. _930147 |
|
| 700 | 1 |
_aGray, Henry, _d1825-1861. _930148 |
|
| 700 | 1 |
_aGray, Henry, _d1825-1861. _tAnatomy. _930149 |
|
| 942 |
_2ddc _cNRB |
||
| 999 |
_c16772 _d16772 |
||